00850nam a2200217 a 450000100100000000500170001000800410002702000150006804000250008308200130010824501450012126000520026630000210031849000150033950400730035470000380042783000240046504900090048995201170049899900170061500002594120200930024153.0110224s1983 ve r 000 f spa d a8472225399 aDO-SdBNPbspacBNPHU axxxbE7100aEróticos, erotómanos y otras especies :bantología del relato erótico venezolano /cselección y epílogo de R. J. Lovera De-Sola. aCaracas, Venezuela :bAlfadil Ediciones,c1983. a202 p. ;c20 cm.1 aOrinocov5 aIncluye referencias bibliográficas y notas al pie de las páginas1 aLovera de Sola, R. J.eed.944409 0aOrinoco ;v5921401 aBNGR 001054708MOaGRbGRcCTd2011-02-24iLF1l0oxxx E71p25941-10r2020-06-25w2020-06-25y4ZPréstamo en sala c25433d25433